LEADER 00839cam0 2200265 450 001 E600200064094 005 20210906084033.0 100 $a20100526d1960 |||||ita|0103 ba 101 $afre 102 $aFR 200 1 $aValery$fpar André Berne-Joffroy 210 $aParis$cGallimard$dc1960 215 $a314 p.,$cill.$d19 cm 225 2 $aLa bibliotheque ideale 410 1$1001LAEC00028507$12001 $a*La bibliotheque ideale 700 1$aBerne-Joffroy$b, André$3A600200061311$4070$0484692 801 0$aIT$bUNISOB$c20210906$gRICA 850 $aUNISOB 852 $aUNISOB$j840$m15356 912 $aE600200064094 940 $aM 102 Monografia moderna SBN 941 $aM 957 $a840$b000063$gSi$d15356$rAcquisto$1vittorini$2UNISOB$3UNISOB$420100526071644.0$520150721090912.0$6Alfano 996 $aValéry$9913382 997 $aUNISOB LEADER 01667nam 2200421z- 450 001 9910404229303321 005 20210211 010 $a989-26-1373-2 024 7 $a10.14195/978-989-26-1373-4 035 $a(CKB)4100000011302665 035 $a(oapen)https://directory.doabooks.org/handle/20.500.12854/41297 035 $a(NjHacI)994100000011302665 035 $a(oapen)doab41297 035 $a(EXLCZ)994100000011302665 100 $a20202102d2018 |y 0 101 0 $apor 135 $aurmn|---annan 181 $ctxt$2rdacontent 182 $cc$2rdamedia 183 $acr$2rdacarrier 200 00$aArquitetura, Poli?tica e Sau?de 210 $cCoimbra University Press$d2018 215 $a1 online resource (464 p.) 225 1 $aOlhares 311 08$a989-26-1372-4 320 $aIncludes bibliographical references and index. 330 $aBissaya Barreto, me?dico-cirugia?o muito interventivo, perseverante e multifacetado, estabelecido em Coimbra, procurou, no decurso de quase cinco de?cadas, conciliar as suas duas actividades principais (medicina e poli?tica), com a promoc?a?o de um assinala?vel conjunto de equipamentos hospitalares e assistenciais na Regia?o Centro do pai?s. Na?o sendo Arquitecto, era dotado de uma forte sensibilidade arti?stica aliada 410 0$aOlhares. 606 $aModular coordination (Architecture) 615 0$aModular coordination (Architecture) 676 $a729.2 700 $aRicardo Jerónimo Silva$4auth$01278498 801 0$bNjHacI 801 1$bNjHacl 906 $aBOOK 912 $a9910404229303321 996 $aArquitetura, Política e Saúde$93013349 997 $aUNINA